| 000 | 01499nam a22003135i 4500 | ||
|---|---|---|---|
| 999 |
_c28980 _d28951 |
||
| 003 | EG-ScBUE | ||
| 005 | 20201021105517.0 | ||
| 008 | 200219s1971 ua f 001 0 ara d | ||
| 017 | _a1971 / 5919 | ||
| 040 |
_aEG-ScBUE _bara _erda _cEG-ScBUE _dEG-ScBUE |
||
| 041 | 1 |
_aara _hheb |
|
| 082 | 0 | 4 |
_a328.5694 _bم ح ا _222 |
| 110 | 1 |
_aإسرائيل. _bالكنيست |
|
| 245 | 1 | 0 |
_aمحاضر الكنيست : _bنصوص مختارة من محاضر الكنيست السادس، الدورة الثانية، السنة العبرية 5727 (1966/9/15 - 1967/10/4) / _cمترجم عن العبرية ؛ تقديم محمد حسنين هيكل. |
| 250 | _aالطبعة الأولى. | ||
| 264 | 1 |
_aالقاهرة : _bمركز الدراسات الفلسطينية والصهيونية بالأهرام ؛ _aبيروت : _bمؤسسة الدراسات الفلسطينية، _c1971. |
|
| 300 |
_a1020 صفحة ؛ _c24 سم |
||
| 336 |
_aنص _btxt _2rdacontent |
||
| 337 |
_aبدون وسيط _bn _2rdamedia |
||
| 338 |
_aمجلد _bnc _2rdacarrier |
||
| 490 | 0 |
_aسلسلة محاضر الكنيست ؛ _v1 |
|
| 500 | _aيشتمل على كشاف. | ||
| 546 | _aالنص باللغة العربية ؛ مترجم من اللغة العبرية. | ||
| 650 | 7 |
_aالصراع العربي الإسرائيلي. _2BUEsh |
|
| 651 | 7 |
_aإسرائيل _xسياسة وحكومة _y1993-1967. _2BUEsh |
|
| 653 |
_bBUSBOL _cOctober2020 |
||
| 700 | 1 |
_aهيكل، محمد حسنين، _eمقدم. |
|
| 942 | _2ddc | ||